| 000 | 00791 a2200205 4500 | ||
|---|---|---|---|
| 005 | 2008092504474.0 | ||
| 008 | 080925t xxu||||| |||| 00| 0 eng d | ||
| 010 | _aENG-87905 | ||
| 020 |
_a8189557807 _c695.00 |
||
| 035 | _aEN-71438 | ||
| 037 | _bDBAD / PUB | ||
| 082 | _a954.01 | ||
| 100 | _aJanardan, K.B. | ||
| 245 |
_aEconomic history of ancient India/ _cby K.B. Janardan |
||
| 260 |
_aNew Delhi _bArise Publishers & Distributors _c2007 |
||
| 270 |
_a4648/1, 21, Ansari Road, Darya Ganj, _bNew Delhi _e110 002 |
||
| 300 |
_av, 303p. _c22cm. (Pbk) |
||
| 942 |
_adpl _cEN _k954.01 / JAN _2ddc _h954.01 _mJAN |
||
| 999 |
_c7355 _d7355 |
||